Thomas Hardy's personal writings : (Record no. 21170)
[ view plain ]
| 000 -LEADER | |
|---|---|
| fixed length control field | 00752nam a2200229 a 4500 |
| 001 - CONTROL NUMBER | |
| control field | 21170 |
| 003 - CONTROL NUMBER IDENTIFIER | |
| rucl marc code | BD-RjUL |
| 005 - DATE AND TIME OF LATEST TRANSACTION | |
| control field | 20211209000645.0 |
| 008 - FIXED-LENGTH DATA ELEMENTS--GENERAL INFORMATION | |
| fixed length control field | 140303t19671966enk b 001 1 eng d |
| 035 ## - SYSTEM CONTROL NUMBER | |
| System control number | (BD-RjUL)21234 |
| 040 ## - CATALOGING SOURCE | |
| Original cataloging agency | BNB |
| Language of cataloging | eng |
| Transcribing agency | BNB |
| Modifying agency | NSL:R |
| -- | BD-RjUL |
| 041 ## - LANGUAGE CODE | |
| Language code of text/sound track or separate title | eng |
| 082 04 - DEWEY DECIMAL CLASSIFICATION NUMBER | |
| Classification number | 828.808 |
| Edition number | 20 |
| Author mark and year | HAT 1967 |
| 100 1# - MAIN ENTRY--PERSONAL NAME | |
| Personal name | Hardy, Thomas, |
| Dates associated with a name | 1840-1928. |
| 9 (RLIN) | 65424 |
| 245 10 - TITLE STATEMENT | |
| Title | Thomas Hardy's personal writings : |
| Remainder of title | prefaces, literary opinions, reminiscences / |
| Statement of responsibility, etc. | edited by Harold Orel. |
| 260 ## - PUBLICATION, DISTRIBUTION, ETC. (IMPRINT) | |
| Place of publication, distribution, etc. | London : |
| Name of publisher, distributor, etc. | Macmillan, |
| Date of publication, distribution, etc. | c1966 [1967]. |
| 300 ## - PHYSICAL DESCRIPTION | |
| Pagination | xii, 295 p. ; |
| Size | 23 cm. |
| 504 ## - BIBLIOGRAPHY, ETC. NOTE | |
| Bibliography, etc | Includes bibliographical references and index. |
| 600 1# - SUBJECT ADDED ENTRY--PERSONAL NAME | |
| Personal name | Hardy, Thomas, |
| Dates associated with a name | 1840-1928. |
| 700 1# - ADDED ENTRY--PERSONAL NAME | |
| Personal name | Orel, Harold, |
| Dates associated with a name | 1926- |
| 942 ## - ADDED ENTRY ELEMENTS (KOHA) | |
| Source of classification or shelving scheme | Dewey Decimal Classification |
| Koha item type | Books |
| Lost status | Source of classification or shelving scheme | Damaged status | Not for loan | Collection code | Permanent Location | Current Location | Shelving location | Date acquired | Source of acquisition | Cost, normal purchase price | Total Checkouts | Full call number | Date last seen | Copy number | Koha item type |
|---|---|---|---|---|---|---|---|---|---|---|---|---|---|---|---|
| Dewey Decimal Classification | Fiction | Central Library, University of Rajshahi | Central Library, University of Rajshahi | 24/10/1968 | Zeitlinger | 35.00 | 828.808 HAT 1967 | 03/03/2014 | C-3 | Books | |||||
| Dewey Decimal Classification | Non-fiction | Central Library, University of Rajshahi | Central Library, University of Rajshahi | Reading Room | 24/10/1968 | Zitlinger | 35.00 | 828.808 HAT 1967 | 05/03/2014 | C-1 | Books | ||||
| Dewey Decimal Classification | Non-fiction | Central Library, University of Rajshahi | Central Library, University of Rajshahi | 13/04/2015 | Zeithlinger | 35.00 | 828.808 HAT 1967 | 13/04/2015 | C-2 | Books | |||||
| Dewey Decimal Classification | Non-fiction | Central Library, University of Rajshahi | Central Library, University of Rajshahi | General Stacks | 24/10/1968 | Zeitlinger | 36.00 | 828.808 HAT 1967 | 23/01/2024 | C-4 | Books |